000 00561nam a2200217Ia 4500
003 OSt
005 20220926042231.0
006 a|||||r|||| 00| 0
007 ta
008 220923b |||||||| |||| 00| 0 eng d
037 _cGeneral Book
040 _aRTL
_cRTL
_beng
041 _2eng
_aeng
082 _aUf1, J3
100 _aBartholomew John
_9345959
245 0 _aColumbus atlas
_b Or regional atlas of the world
260 _c1953
650 _aGeography
942 _hUf1, J3
_cGB
_2CC
999 _c669175
_d669175